| 000 | 005780000a22002050004500 | ||
|---|---|---|---|
| 003 | LK-CoMWRAF | ||
| 005 | 20231105014023.0 | ||
| 008 | 230817t1970 ||||| |||| 00| 0 eng d | ||
| 020 | _a842314318 | ||
| 040 |
_aLK-CoMWRAF _dLK-CoMWRAF _eLK-CoMWRAF |
||
| 041 | _aeng | ||
| 082 |
_a362.293 _bMAC |
||
| 100 | _aMclean, Gordon R. | ||
| 245 |
_aHigh on the Campus: _bstudent drug abuse, is there an answer? |
||
| 260 |
_aWheaton: _bTyndale House Publishers, _c1970 |
||
| 300 | _a132 p. 22 cm. | ||
| 650 | _aYOUTH-Drug use-United States | ||
| 700 | _aBowen, Haskell | ||
| 942 | _cBK | ||
| 999 |
_c1084 _d1084 |
||